000 00254nam a2200109Ia 4500
008 240625s9999 xx 000 0 und d
041 _aeng
082 _a658.827 KEL
100 _aKELLER KEVIN LANE
245 _aSTRATEGIC BRAND MANAGEMENT
260 _c2011
999 _c39280
_d39280